<?xml version="1.0" encoding="UTF-8"?>
<record
    xmlns:xsi="http://www.w3.org/2001/XMLSchema-instance"
    xsi:schemaLocation="http://www.loc.gov/MARC21/slim http://www.loc.gov/standards/marcxml/schema/MARC21slim.xsd"
    xmlns="http://www.loc.gov/MARC21/slim">

  <leader>00593nam a22001457a 4500</leader>
  <datafield tag="999" ind1=" " ind2=" ">
    <subfield code="c">60905</subfield>
    <subfield code="d">60905</subfield>
  </datafield>
  <controlfield tag="005">20231115160507.0</controlfield>
  <controlfield tag="008">231115s1964    ru ||||| |||| 00| 0 rus d</controlfield>
  <datafield tag="041" ind1=" " ind2=" ">
    <subfield code="a">rus</subfield>
  </datafield>
  <datafield tag="080" ind1=" " ind2=" ">
    <subfield code="a">821.14.02 &#x41F;-15</subfield>
  </datafield>
  <datafield tag="245" ind1=" " ind2=" ">
    <subfield code="a">&#x41F;&#x430;&#x43C;&#x44F;&#x442;&#x43D;&#x438;&#x43A;&#x438; &#x43F;&#x43E;&#x437;&#x434;&#x43D;&#x435;&#x439; &#x430;&#x43D;&#x442;&#x438;&#x447;&#x43D;&#x43E;&#x439; &#x43F;&#x43E;&#x44D;&#x437;&#x438;&#x438; &#x438; &#x43F;&#x440;&#x43E;&#x437;&#x44B; II&#x2014;V &#x432;&#x435;&#x43A;&#x430;.</subfield>
  </datafield>
  <datafield tag="264" ind1=" " ind2=" ">
    <subfield code="a">&#x41C;.:</subfield>
    <subfield code="b">&#x41D;&#x410;&#x423;&#x41A;&#x410;,</subfield>
    <subfield code="c">1964.</subfield>
  </datafield>
  <datafield tag="300" ind1=" " ind2=" ">
    <subfield code="a">360 &#x441;.:</subfield>
    <subfield code="b">&#x438;&#x43B;.;</subfield>
    <subfield code="c">22 &#x441;&#x43C;.</subfield>
  </datafield>
  <datafield tag="653" ind1=" " ind2=" ">
    <subfield code="a">II-V &#x10E1;&#x10D0;&#x10E3;&#x10D9;&#x10E3;&#x10DC;&#x10D4;&#x10D4;&#x10D1;&#x10D8;&#x10E1; &#x10D2;&#x10D5;&#x10D8;&#x10D0;&#x10DC;&#x10D8; &#x10D0;&#x10DC;&#x10E2;&#x10D8;&#x10D9;&#x10E3;&#x10E0;&#x10D8; &#x10DE;&#x10DD;&#x10D4;&#x10D6;&#x10D8;&#x10D8;&#x10E1;&#x10D0; &#x10D3;&#x10D0; &#x10DE;&#x10E0;&#x10DD;&#x10D6;&#x10D8;&#x10E1; &#x10EB;&#x10D4;&#x10D2;&#x10DA;&#x10D4;&#x10D1;&#x10D8;</subfield>
  </datafield>
  <datafield tag="942" ind1=" " ind2=" ">
    <subfield code="2">udc</subfield>
    <subfield code="c">&#x1CAC;&#x1C98;&#x1C92;&#x1C9C;&#x1C98;</subfield>
  </datafield>
  <datafield tag="952" ind1=" " ind2=" ">
    <subfield code="0">0</subfield>
    <subfield code="1">0</subfield>
    <subfield code="2">udc</subfield>
    <subfield code="4">0</subfield>
    <subfield code="6">8211402_&#x41F;15</subfield>
    <subfield code="7">0</subfield>
    <subfield code="9">97014</subfield>
    <subfield code="a">CPL</subfield>
    <subfield code="b">CPL</subfield>
    <subfield code="c">GEN</subfield>
    <subfield code="d">2023-11-15</subfield>
    <subfield code="g">8.00</subfield>
    <subfield code="o">821.14.02 &#x41F;-15</subfield>
    <subfield code="p">65422</subfield>
    <subfield code="r">2023-11-15</subfield>
    <subfield code="t">65422</subfield>
    <subfield code="u">&#x10D1;&#x10E1;&#x10E3;-&#x10E1; &#x10E1;&#x10D0;&#x10DE;&#x10D0;&#x10E2;&#x10D8;&#x10DD; &#x10D3;&#x10DD;&#x10E5;&#x10E2;&#x10DD;&#x10E0;&#x10D8;&#x10E1; &#x10D2;&#x10E3;&#x10E0;&#x10D0;&#x10DB; &#x10DA;&#x10DD;&#x10E0;&#x10D7;&#x10E5;&#x10D8;&#x10E4;&#x10D0;&#x10DC;&#x10D8;&#x10EB;&#x10D8;&#x10E1; &#x10E1;&#x10D0;&#x10E9;&#x10E3;&#x10E5;&#x10D0;&#x10E0;&#x10D8;</subfield>
    <subfield code="w">2023-11-15</subfield>
    <subfield code="y">&#x1CAC;&#x1C98;&#x1C92;&#x1C9C;&#x1C98;</subfield>
    <subfield code="z">8 &#x10DA;.</subfield>
  </datafield>
</record>
